The International Symposium on Resource Management:The Key to Sustainable Development (1993 February 8-10:Kuala Lumpur)
| Format: | Book |
|---|
MARC
| LEADER | 00000cam a2200000 7i4500 | ||
|---|---|---|---|
| 001 | 0000006235 | ||
| 005 | 20000214.0 | ||
| 040 | |a INS | ||
| 090 | 0 | 0 | |a S79 |
| 245 | 0 | 0 | |a The International Symposium on Resource Management:The Key to Sustainable Development (1993 February 8-10:Kuala Lumpur) |
| 999 | |a S000000160 |b BOOK |c Seminar |e Default branch | ||